| 000 | 00447nam a22001697a 4500 | ||
|---|---|---|---|
| 999 |
_c41817 _d41817 |
||
| 003 | OSt | ||
| 005 | 20221114162406.0 | ||
| 008 | 221114b ||||| |||| 00| 0 eng d | ||
| 020 | _a9789351199076 | ||
| 040 | _coclc | ||
| 082 |
_a006.74 _bDRE/H |
||
| 245 |
_aHTML 5: _bBlack book / |
||
| 250 | _a2nd ed. | ||
| 260 |
_aNew Delhi: _bDream tech, _c2019. |
||
| 300 | _a1219 p | ||
| 942 |
_2ddc _cBK _h006.74 _iDRE/H _k006.74 _mDRE/H |
||